All Magic: The Gathering Sets - Statistics

General Stats
  • This quiz has been taken 121 times
  • The average score is 59 of 120
Answer Stats
Year Type Set Name % Correct
1993 Core set Limited Edition Alpha
95%
1993 Core set Limited Edition Beta
95%
2005 Expansion Ravnica: City of Guilds
83%
2011 Expansion Innistrad
81%
1994 Expansion The Dark
77%
1993 Core set Unlimited Edition
77%
1997 Core set Fifth Edition
75%
1995 Core set Fourth Edition
75%
1995 Expansion Ice Age
75%
2003 Expansion Mirrodin
75%
2001 Core set Seventh Edition
75%
2009 Expansion Zendikar
75%
1993 Expansion Arabian Nights
73%
2011 Core set Magic 2012
73%
2014 Expansion Magic 2015
73%
1999 Core set Sixth Edition
73%
2010 Core set Magic 2011
72%
2005 Core set Ninth Edition
72%
1994 Core set Revised Edition
72%
2012 Core set Magic 2013
70%
2012 Expansion Return to Ravnica
70%
2018 Expansion Dominaria
69%
2013 Expansion Theros
69%
2003 Core set Eighth Edition
67%
2013 Expansion Magic 2014
67%
2017 Expansion Ixalan
64%
1994 Expansion Legends
63%
2007 Core set Tenth Edition
63%
2009 Core set Magic 2010
61%
2019 Core set Core Set 2020
59%
2010 Expansion Rise of the Eldrazi
58%
1998 Expansion Urza's Saga
58%
2016 Expansion Kaladesh
56%
2007 Expansion Lorwyn
56%
2011 Expansion New Phyrexia
56%
2017 Expansion Amonkhet
53%
2015 Expansion Battle for Zendikar
53%
2018 Core set Core Set 2019
53%
2014 Expansion Khans of Tarkir
53%
2008 Expansion Shadowmoor
53%
2006 Expansion Time Spiral
53%
2006 Expansion Coldsnap
52%
2013 Expansion Gatecrash
52%
1995 Expansion Homelands
52%
2018 Expansion Rivals of Ixalan
52%
2008 Expansion Shards of Alara
52%
2012 Expansion Avacyn Restored
50%
2005 Expansion Betrayers of Kamigawa
50%
2004 Expansion Champions of Kamigawa
50%
2013 Expansion Dragon's Maze
50%
2015 Expansion Dragons of Tarkir
50%
2008 Expansion Eventide
50%
2011 Expansion Mirrodin Besieged
50%
2016 Expansion Shadows Over Innistrad
50%
2019 Expansion War of the Spark
50%
2017 Expansion Aether Revolt
48%
2006 Expansion Guildpact
48%
2010 Expansion Scars of Mirrodin
48%
1997 Expansion Weatherlight
48%
2004 Expansion Darksteel
47%
1996 Expansion Mirage
47%
2008 Expansion Morningtide
47%
2016 Expansion Oath of the Gatewatch
47%
2007 Expansion Planar Chaos
47%
2005 Expansion Saviors of Kamigawa
47%
1999 Expansion Urza's Legacy
47%
2010 Expansion Worldwake
47%
1994 Expansion Antiquities
45%
2012 Expansion Dark Ascension
45%
2016 Expansion Eldritch Moon
45%
2015 Expansion Fate Reforged
45%
2018 Expansion Guilds of Ravnica
45%
2000 Expansion Invasion
45%
2013 Reprint set Modern Masters
45%
1997 Expansion Tempest
45%
2009 Expansion Alara Reborn
44%
2007 Expansion Future Sight
44%
2014 Expansion Journey into Nyx
44%
2015 Core set Magic Origins
44%
2014 Expansion Born of the Gods
42%
2006 Expansion Dissension
42%
2004 Expansion Fifth Dawn
42%
2017 Expansion Hour of Devastation
42%
1997 Starter Portal
42%
1998 Expansion Stronghold
41%
1999 Expansion Urza's Destiny
41%
1996 Expansion Alliances
39%
2009 Expansion Conflux
39%
1994 Expansion Fallen Empires
39%
2019 Supplemental set Modern Horizons
39%
2001 Expansion Planeshift
39%
2019 Expansion Ravnica Allegiance
39%
2002 Expansion Onslaught
38%
2003 Expansion Scourge
36%
1998 Supplemental set Unglued
36%
2004 Supplemental set Unhinged
36%
1999 Expansion Mercadian Masques
34%
2001 Expansion Apocalypse
33%
2000 Expansion Prophecy
33%
1998 Expansion Exodus
31%
2014 Supplemental set Conspiracy
30%
2001 Expansion Odyssey
30%
1999 Starter Portal Three Kingdoms
30%
2000 Expansion Nemesis
28%
2002 Expansion Torment
28%
1997 Expansion Visions
28%
2003 Expansion Legions
27%
1998 Starter Portal Second Age
27%
2017 Supplemental set Unstable
25%
2016 Supplemental set Conspiracy: Take the Crown
23%
2016 Reprint set Eternal Masters
23%
2018 Reprint set Masters 25
23%
1995 Reprint set Chronicles
20%
2018 Supplemental set Battlebond
19%
2017 Reprint set Iconic Masters
19%
2002 Expansion Judgment
19%
1999 Starter Starter 1999
19%
2017 Reprint set Modern Masters 2017
16%
2000 Starter Starter 2000
16%
2015 Reprint set Modern Masters 2015
14%
No matching quizzes found
Score Distribution
Percent of People with Each Score
Percentile by Number Answered
Your Score History
You have not taken this quiz